| 000 | 00505nab a2200145Ia 4500 | ||
|---|---|---|---|
| 003 | ES-SlBCS | ||
| 005 | 20210601130450.0 | ||
| 008 | 140529s1963 xxu||||| |||| 00| 0 fre d | ||
| 041 | _afre | ||
| 100 | 1 |
_aÉcole, Jean _957013 |
|
| 245 | 0 | 0 |
_aUn essai d'explication rationnelle du monde ou la cosmologia generalis de Christian Wolff _c Jean École |
| 600 | 1 |
_aWolff, Christian-Cosmología General _9173312 |
|
| 773 | 0 |
_tGiornali di Metafisica _gvol. 18, nº. 6, 1963, págs. 622-650 _w0017-0372 |
|
| 942 | _cAR | ||
| 999 |
_c547130 _d547130 |
||